Las islas Canarias a través de la historia / (Record no. 16412)

MARC details
000 -LEADER
campo de control de longitud fija 00700nam a2200217 i 4500
001 - NÚMERO DE CONTROL
campo de control 16412
003 - IDENTIFICADOR DE NÚMERO DE CONTROL
campo de control ES-MaACL
005 - FECHA Y HORA DE LA ÚLTIMA TRANSACCIÓN
campo de control 20251206063027.0
007 - CAMPO FIJO DE DESCRIPCIÓN FÍSICA--INFORMACIÓN GENERAL
campo de control de longitud fija t|
008 - DATOS DE LONGITUD FIJA--INFORMACIÓN GENERAL
campo de control de longitud fija 000915s1972 sp ||||1| spa d
080 ## - NÚMERO DE LA CLASIFICACIÓN DECIMAL UNIVERSAL
Número de la Clasificación Decimal Universal 964.9
100 0# - ENTRADA PRINCIPAL--NOMBRE DE PERSONA
Nombre de persona López Herrera, Salvador
9 (RLIN) 73696
245 14 - MENCIÓN DEL TÍTULO
Título Las islas Canarias a través de la historia /
Mención de responsabilidad, etc. Salvador López Herrera ; prólogo de Manuel Ballesteros Gaibrois.
250 ## - MENCION DE EDICION
Mención de edición 3ª ed.
260 ## - PUBLICACIÓN, DISTRIBUCIÓN, ETC.
Lugar de publicación, distribución, etc. Madrid :
Nombre del editor, distribuidor, etc. El autor,
Fecha de publicación, distribución, etc. 1972.
300 ## - DESCRIPCIÓN FÍSICA
Extensión XX, 201 p., XLIV lám., 1 h. map. pleg ;
Dimensiones 22 cm.
650 #4 - PUNTO DE ACCESO ADICIONAL DE MATERIA--TÉRMINO DE MATERIA
Término de materia o nombre geográfico como elemento de entrada
9 (RLIN) 241630
700 1# - ENTRADA AGREGADA--NOMBRE PERSONAL
Nombre de persona Ballesteros Gaibrois, Manuel,
Fechas asociadas al nombre 1911-2002
9 (RLIN) 25056
852 ## - LOCALIZACIÓN
Ubicación ES-MaACL
Número de control de estantería G-2136
Sublocalización o colección R.114902
Holdings
Estatus retirado Estado de pérdida Estado de daño No para préstamo Biblioteca de origen Biblioteca actual Ubicación en estantería Fecha de adquisición Fuente de adquisición Total de préstamos Signatura topográfica completa Código de barras Visto por última vez Precio de reemplazo Tipo de ítem Koha
        Biblioteca del Ateneo de Madrid Biblioteca del Ateneo de Madrid Depósito 2 17/01/2008     G-2136 1016674 23/02/2023 23/02/2023 Libro impreso